000 00808nam a2200217 i 4500
001 187655
003 ES-MaACL
005 20250804161021.0
008 171215s2001 sp a |||| | spa d
020 _a84-95452-06-5
080 _a069(460.27 M.):061.237(460.27 M.)
110 2 _aAmigos del Museo del Prado.
_9143641
245 1 0 _a20 años de historia /
_cFundación Amigos del Museo del Prado.
260 _aMadrid :
_bFundación Amigos del Museo del Prado,
_c2001.
300 _a140 p. :
_bil. col. y n. ;
_c24 cm.
610 2 4 _aAmigos del Museo del Prado.
_9143641
852 _aES-MaACL
_jA-14153
_9194743
_bR.151393
_cDEPO1
_dOlim: N-7153
_hDonación: Pilar Fernández Vera
903 _aFernández Vera, Pilar,
_d1961-
_ednr
_949420
942 _2udc
_cMONOGRAFIA
999 _c187655
_d187655